000 00403nam a22001577a 4500
005 20251108172616.0
008 250721s9999 xx 000 0 eng d
082 1 4 _a618.392MAN
245 1 4 _aThe management of early pregnancy loss /
264 1 _aLondon :
_bN.M.A.C,
300 _a65 p
650 1 7 _aPregancy
710 2 _aScottish office department of health
942 _2ddc
_cBK
999 _c83903
_d83903